| 000 | 00581nam a22001577a 4500 | ||
|---|---|---|---|
| 005 | 20260331170510.0 | ||
| 020 | _a9789352702428 | ||
| 050 |
_aRG524 _b.Ob7 |
||
| 245 |
_aDc Dutta's Textbook of Obstetrics _cHiralal Konar |
||
| 260 |
_aLondon New Delhi _bJaypee Brothers Medical Pub. _c2019 |
||
| 300 |
_a660p.: _bill. (some col.) |
||
| 500 | _aIncludes index. | ||
| 505 | _a1. Anatomy of female reproductive organ 2. Fundamentals of reproduction 3. Placenta and fetal Membranes 4. The fetus 5. Phytological changes during pregnancy | ||
| 650 | _aObstetrics | ||
| 942 | _cBK | ||
| 999 |
_c8561 _d8561 |
||